| 000 | 00751nam0a22002531 4500 | ||
|---|---|---|---|
| 001 | rc\673944 | ||
| 005 | 20250621205206.0 | ||
| 035 | _a(NLR Aleph) 005912014 | ||
| 090 |
_a6386624 _c6386624 |
||
| 100 | _a20031121d1986 |||y0rusy50 ca | ||
| 101 | 0 | _arus | |
| 102 | _aRU | ||
| 105 | _ay ||||||||| | ||
| 200 | 1 | _aТранспорт и пассажир | |
| 210 |
_aМ. _cЗнание _d1986 |
||
| 215 |
_a63, [1] с. _d21 |
||
| 225 | 1 |
_aНовое в жизни, науке, технике _iТранспорт _v6/1986 |
|
| 320 | _aБиблиогр.: с. 53, 64 | ||
| 700 | 1 |
_aУшаков _bС.С. _gСерафим Сергеевич |
|
| 801 | 0 |
_aRU _bNLR _gpsbo |
|
| 801 | 1 |
_aRU _bELAR _2rusmarc |
|
| 852 |
_aNLR _j86-4/15333 |
||
| 942 | _cBOOK | ||
| 980 | _aNB | ||